| 000 | 00670nam a22002297a 4500 | ||
|---|---|---|---|
| 003 | OSt | ||
| 005 | 20140310181932.0 | ||
| 008 | 130723t xxu||||| |||| 00| 0 eng d | ||
| 020 | _a0883017342 | ||
| 050 |
_aPS 3523 _b.L847 1984 |
||
| 082 |
_aCLA L84w _b1984 |
||
| 100 |
_aLondon, Jack _92891 |
||
| 245 |
_aWhite Fang / _c Jack London. |
||
| 260 |
_aConnecticut : _bAcademic Industries Inc, _cc1984. |
||
| 300 |
_a61 p. ; _bill. ; _c18 cm. |
||
| 541 | _j1 | ||
| 562 | _e1 | ||
| 650 |
_a Dogs--Juvenile fiction. _92900 |
||
| 650 |
_a Wolves--Juvenile fiction _92901 |
||
| 650 |
_aHuman--animal relationships--Fiction. _92902 |
||
| 942 |
_2lcc _cBBK _kCLA |
||
| 999 |
_c7421 _d7421 |
||